000 00733cam a22002172 4500
001 0000018934
005 20151021151130.0
008 100817s xx 000 0 eng d
020 _a0230636101 :
040 _aKABU
_cKABU
245 1 0 _aLegal & regulatory aspects of banking.
250 _a2nd ed.
260 _aMumbai :
_bIndian Institute of Banking & Finance,
_c2008.
300 _avi, 476 p.
500 _a(For JAIIB/Diploma in banking & finance examination)
650 0 _aBanks and banking
_xLaw and legislation
_zIndia.
_@0000178421
710 2 _aIndian Institute of Banking & Finance.
_@0000178422
852 1 _9p3750 KES
908 _a100817
950 _@1
999 _c1015
_d1015